000 00669nam a2200241 a 4500
008
020 _a0750629266 (pbk.)
049 _aMAIN
090 _aTK7881.15
100 1 _aMazda, Fraidoon
245 1 0 _aPower electronics handbook /
_cFraidoon Mazda.
250 _a3rd ed.
260 _aOxford :
_bNewnes ;
_c1997.
300 _aviii, 441 p. :
_bill. ;
_c23 cm.
504 _aIncludes bibliographical references.
500 _aIncludes index.
650 0 _aPower electronics.
907 _a.b10027816
_b05-02-04
_c17-04-03
003
005 20230123133527.0
040 _cNUST
942 _cBOOKS
_kTK7881.15
999 _c150131
_d150131